Normal view MARC view

Entry Topical Term

Number of records used in: 1

001 - CONTROL NUMBER

  • control field: 85279

003 - CONTROL NUMBER IDENTIFIER

  • control field: OSt

005 - DATE AND TIME OF LATEST TRANSACTION

  • control field: 20230410112318.0

008 - FIXED-LENGTH DATA ELEMENTS

  • fixed length control field: 230410|| aca||aabn | a|a d

040 ## - CATALOGING SOURCE

  • Original cataloging agency: OSt
  • Transcribing agency: OSt

150 ## - HEADING--TOPICAL TERM

  • Topical term or geographic name entry element: Kannada Prose

670 ## - SOURCE DATA FOUND

  • Source citation: Work cat.: (OSt)91815: JOSHI (Sham Ba). 85278, Kanmareyada kannada., 1969